The Impostor: A play for demagogues
Đã lưu trong:
| Tác giả chính: | |
|---|---|
| Định dạng: | Sách |
| Ngôn ngữ: | English |
| Được phát hành: |
Pittsburgh, Pennsylvania
Latin American Literary Review Press
2005
|
| Những chủ đề: | |
| Các nhãn: |
Thêm thẻ
Không có thẻ, Là người đầu tiên thẻ bản ghi này!
|
MARC
| LEADER | 00000nam a22000007a 4500 | ||
|---|---|---|---|
| 008 | 180507b xxu||||| |||| 00| 0 eng d | ||
| 040 | |a cru BVZT | ||
| 090 | |a 792 U-2i | ||
| 100 | |a Usigli, Rodolfo | ||
| 245 | |a The Impostor: A play for demagogues |c Ramón Layera, traductor, in collaboration with Don Rosenberg | ||
| 260 | |a Pittsburgh, Pennsylvania |b Latin American Literary Review Press |c 2005 | ||
| 300 | |a 128 páginas | ||
| 650 | |a TEATRO | ||
| 650 | |a EN IDIOMA INGLÉS | ||
| 650 | |a DRAMA MEXICANO | ||
| 999 | |c 30482 |d 30482 | ||
| 942 | |c LIB |h 792 U-2i |2 z | ||
